Top 30 : Future - Statistiques

Statistiques générales
  • Ce quiz a été pris 32 fois
  • Le résultat moyen est 12 sur 30
Statistiques - réponses
Top Titres Featuring % Correct
1 Mask Off
88%
8 Like That Metro Boomin, Kendrick Lamar
85%
3 Love Me Lil Wayne, Drake
85%
2 Life Is Good Drake
81%
5 WAIT FOR U Drake, Tems
73%
4 Low Life The Weeknd
65%
15 Type Shit Metro Boomin, Travis Scott, Playboi Carti
65%
7 Superhero (Heroes & Villains) Metro Boomin, Chris Brown
62%
11 Solo
50%
21 TELEKINESIS Travis Scott, SZA
50%
14 Way 2 Sexy Drake, Young Thug
50%
9 Jumpman Drake
46%
13 King's Dead Jay Rock, Kendrick Lamar, James Blake
46%
16 X 21 Savage, Metro Boomin
46%
17 Loveeeeeee Song Rihanna
42%
6 Too Many Nights Metro Boomin, Don Toliver
38%
22 Relationship Young Thug
31%
29 Fuck Up Some Commas
27%
24 Private Landing Don Toliver, Justin Bieber
27%
23 Bum Bum Tam Tam MC Fioti, J Balvin, Stefflon Don, Juan Magán
23%
25 pushin P Gunna, Young Thug
23%
10 Cold Maroon 5
19%
20 Fine China Juice WRLD
19%
28 Drankin N Smokin Lil Uzi Vert
15%
12 Everyday Ariana Grande
15%
19 PUFFIN ON ZOOTIEZ
8%
26 Rollin Calvin Harris, Khalid, Funk Wav
8%
30 Where Ya At Drake
8%
27 Die For Me Post Malone, Halsey
4%
18 End Game Taylor Swift, Ed Sheeran
4%
Aucun quiz correspondant
Distribution des résultats
% des personnes avec chaque résultat
Percentile par nombre de réponses
Votre historique - résultats
Vous n’avez pas pris ce quiz